[Event "HCL-E020"]
[Site "www.playchess.de"]
[Date "2001.04.09"]
[Round "8"]
[White "MarkusSSG"]
[Black "d2d4"]
[WhiteElo "2345"]
[BlackElo "2029"]
[PlyCount "53"]
[Result "1-0"]

1.d4 Nf6 {Hello from Budapest! Robert}  2.Bf4 
{Hello back from Germany but why you named me 
robert ? my name is markus}  Nh5 {I simply signed 
my greetings, my name is Robert}  3.Bd2 {ok 
robert}  d6 4.e4 Nf6 5.Nc3 g6 6.Be2 c6 7.Bg5 Bg7 
8.Qd2 b5 9.a3 O-O 10.Nf3 Bg4 11.Bh6 Bxf3 12.Bxf3 
e5 13.Bxg7 Kxg7 14.O-O-O Nbd7 15.dxe5 dxe5 16.g4 
Nb6 17.g5 Qxd2+ 18.Rxd2 Ne8 19.Bg4 h6 20.h4 hxg5 
21.hxg5 Rh8 22.Rxh8 Kxh8 23.Bd7 Nxd7 24.Rxd7 Kg7 
25.Ne2 a5 26.Ng1 b4 27.Nf3 1-0

[Event "HCL-A069"]
[Site "www.playchess.de"]
[Date "2001.04.09"]
[Round "21"]
[White "Belka"]
[Black "Lacey"]
[WhiteElo "1736"]
[BlackElo "1779"]
[PlyCount "43"]
[Result "1/2-1/2"]

1.b4 d5 2.Bb2 e5 3.Bxe5 Nc6 4.Bb2 Nxb4 5.a3 Nc6 
6.Nf3 Nf6 7.e3 Bd6 8.c4 Be6 9.cxd5 Bxd5 10.Nc3 Be6 
11.Bb5 O-O 12.O-O Ne7 13.Qc2 c5 14.Bd3 a6 15.Ne4 
Ned5 16.Nxf6+ Nxf6 17.Bxf6 Qxf6 18.Bxh7+ Kh8 
19.Be4 Rab8 20.d4 cxd4 21.Qd3 b5 
22.Rfd1 1/2-1/2

[Event "HCL-C158"]
[Site "www.playchess.de"]
[Date "2001.04.09"]
[Round "5"]
[White "dg"]
[Black "weebs"]
[WhiteElo "1149"]
[BlackElo "1000"]
[PlyCount "58"]
[Result "0-1"]

1.e4 e5 2.Nf3 Nc6 3.Nc3 Nf6 4.Bc4 Bc5 5.Ng5 O-O 
6.Bxf7+ Rxf7 7.Nxf7 Kxf7 8.O-O d6 9.d3 h6 10.Be3 
b6 11.Bd2 Ba6 12.Kh1 Kg8 13.Qf3 Nd4 14.Qd1 Qd7 
15.Ne2 Nxe4 16.Nxd4 Bxd4 17.dxe4 Bxf1 18.Qxf1 Bxb2 
19.Rb1 Bd4 20.Qd3 Qf7 21.f3 Qxa2 22.Rc1 Rf8 23.c3 
Bc5 24.Rc2 Qb1+ 25.Bc1 Be3 26.Qd1 Kh7 27.h3 a5 
28.Kh2 a4 29.Qe2 Bxc1 0-1

[Event "HCL-B170"]
[Site "www.playchess.de"]
[Date "2001.04.09"]
[Round "1"]
[White "ric70"]
[Black "warlock"]
[WhiteElo "1552"]
[BlackElo "2001"]
[PlyCount "82"]
[Result "1/2-1/2"]

1.d4 d5 2.c4 e6 3.Nf3 Bb4+ 4.Bd2 Be7 5.e3 Nf6 
6.Bd3 dxc4 7.Bxc4 Nc6 8.O-O O-O 9.Qc2 a6 10.Nc3 b5 
11.Be2 Bb7 12.a3 Nd5 13.Rac1 Nxc3 14.Bxc3 Qd7 
15.Bd3 f5 16.Rfd1 Rad8 17.a4 b4 18.Be1 Rda8 19.Ne5 
Nxe5 20.dxe5 Bd5 21.e4 b3 22.Qxc7 Qxc7 23.Rxc7 Bd8 
24.exd5 Bxc7 25.d6 Bb6 26.Bc4 Kf7 27.Bxb3 Rfc8 
28.Bc3 Rab8 29.Ba2 Rc5 30.Rd3 Ba5 31.f4 g5 32.g3 
gxf4 33.gxf4 Bxc3 34.bxc3 Rcc8 35.d7 Rcg8+ 36.Kf1 
Ke7 37.Rh3 h5 38.Rxh5 Rgh8 39.Rxh8 Rxh8 40.Kg2 
Kxd7 41.Bc4 Rg8+ {sorru.i miss your draw offer 
last time!}  1/2-1/2

[Event "HCL-B170"]
[Site "www.playchess.de"]
[Date "2001.04.09"]
[Round "4"]
[White "ric70"]
[Black "Chessamateur"]
[WhiteElo "1552"]
[BlackElo "1526"]
[PlyCount "93"]
[Result "1-0"]

1.d4 Nf6 {Greetings and good luck.}  2.c4 g6 3.Nc3 
{I'm glad to play with you.}  Bg7 {Thank you.}  
4.Nf3 O-O 5.e4 d6 6.Be2 e5 7.dxe5 dxe5 8.Qxd8 Rxd8 
9.Bg5 c6 10.Nxe5 Re8 11.O-O-O Na6 12.f4 h6 13.Bh4 
g5 14.Bg3 Nc5 15.Bf3 g4 16.Be2 Ncxe4 17.Nxe4 Nxe4 
18.Bxg4 Nxg3 19.hxg3 Bxe5 20.Bxc8 Bxb2+ 21.Kxb2 
Raxc8 22.Rxh6 Re2+ 23.Kb3 Rxg2 24.Rd3 Kg7 25.Rhd6 
Rh8 26.R6d7 Rhh2 27.Kb4 Rgxa2 28.Rxb7 Rhb2+ 29.Rb3 
a5+ 30.Kc5 Rxb3 31.Rxb3 a4 32.Rd3 Ra1 33.Kxc6 a3 
34.c5 Kf8 35.Kd6 Ke8 36.g4 Kd8 37.g5 a2 38.Rd2 Kc8 
39.Kc6 Kb8 40.Kd7 Rb1 41.Rxa2 Rd1+ 42.Ke8 Rd4 
43.Rf2 Rc4 44.Kxf7 Rxc5 45.g6 Rc7+ 46.Kg8 Ra7 
47.g7 1-0

[Event "HCL-C178"]
[Site "www.playchess.de"]
[Date "2001.04.09"]
[Round "9"]
[White "Pocman"]
[Black "ictus"]
[WhiteElo "1428"]
[BlackElo "1276"]
[PlyCount "33"]
[Result "1-0"]

1.e4 e6 2.d4 d5 3.Nd2 dxe4 4.Nxe4 Qd5 5.Bd3 Nf6 
6.f3 Nbd7 7.Ne2 c5 8.N4c3 Qc6 9.Bb5 Qc7 10.d5 a6 
11.dxe6 fxe6 12.Bxd7+ Bxd7 13.O-O Bd6 14.g3 h5 
15.Bg5 O-O-O 16.Qe1 Rdf8 17.Rd1 1-0

[Event "HCL-B175"]
[Site "www.playchess.de"]
[Date "2001.04.09"]
[Round "4"]
[White "Dereck"]
[Black "KarlKoch"]
[WhiteElo "1200"]
[BlackElo "1342"]
[PlyCount "51"]
[Result "1-0"]

1.e4 {Hello!}  e5 {hi}  2.c3 Nf6 {where from??}  
3.d3 Bc5 4.d4 exd4 5.cxd4 Bb6 6.Bc4 Nxe4 7.Qf3 O-O 
8.Ne2 d5 9.Bd3 Nf6 10.Nbc3 Bg4 11.Qg3 Re8 12.Be3 
Nc6 13.O-O a6 14.a3 Qd7 15.f4 Re7 16.f5 Bxe2 
17.Nxe2 Rae8 18.Bh6 g6 19.fxg6 fxg6 20.Bf5 Qd8 
21.Bxg6 Nxd4 22.Bxe8+ Kh8 23.Nxd4 Bxd4+ 24.Kh1 
Qxe8 25.Rae1 Ne4 26.Rxe4 1-0

[Event "HCL-B175"]
[Site "www.playchess.de"]
[Date "2001.04.09"]
[Round "9"]
[White "Binder"]
[Black "tokajer"]
[WhiteElo "1386"]
[BlackElo "1500"]
[PlyCount "54"]
[Result "0-1"]

1.e4 e5 2.Nf3 Nf6 3.Bc4 Nxe4 4.Nc3 Nxc3 5.dxc3 f6 
6.Be3 Nc6 7.Qe2 b6 8.O-O-O Bb7 9.Ba6 Qc8 10.Bxb7 
Qxb7 11.Rd2 O-O-O 12.Kb1 d5 13.Rhd1 Be7 14.R2xd5 
Rxd5 15.Rxd5 Nd4 16.Nxd4 Qxd5 17.Qg4+ Kb7 18.Nb3 
g6 19.Kc1 f5 20.Qh3 Rd8 21.Qf3 Qxf3 22.gxf3 Bh4 
23.f4 exf4 24.Bxf4 Bxf2 25.Nd2 Re8 26.Nf3 Be3+ 
27.Bxe3 Rxe3 0-1

[Event "HCL-B178"]
[Site "www.playchess.de"]
[Date "2001.04.09"]
[Round "8"]
[White "vishnawathen"]
[Black "chucaniam"]
[WhiteElo "1200"]
[BlackElo "1500"]
[PlyCount "60"]
[Result "0-1"]

1.e4 e5 2.Nf3 Nc6 3.Bb5 a6 4.Bxc6 dxc6 5.Nxe5 Qd4 
6.Nf3 Qxe4+ 7.Kf1 Bg4 8.d3 Bxf3 9.gxf3 Qf5 10.Qe2+ 
Ne7 11.Qe3 Qh3+ 12.Ke1 Qg2 13.Rf1 Qxh2 14.Nc3 b6 
15.b3 O-O-O 16.a4 Re8 17.a5 Kb7 18.axb6 cxb6 
19.Na4 Nd5 20.Qxe8 Bb4+ 21.Kd1 {nice move man, 
nice move}  Rxe8 22.Bd2 Bxd2 23.Kxd2 Qf4+ 24.Kd1 
Qxf3+ 25.Kc1 Qe2 26.Kb2 Nb4 27.Rac1 Nxd3+ 28.Kb1 
Nxc1 29.Rxc1 Qxf2 30.Nc3 Re1 0-1

[Event "HCL-E022"]
[Site "www.playchess.de"]
[Date "2001.04.09"]
[Round "4"]
[White "Goofy"]
[Black "pep1tere"]
[WhiteElo "2169"]
[BlackElo "2000"]
[PlyCount "90"]
[Result "0-1"]

1.d4 Nf6 {hi,how are you?}  2.c4 {Thank you, very 
well! And you?}  e6 {fine and very happy to find 
this web}  3.Nc3 {welcome to playchess.de!!}  Bb4 
4.e3 O-O 5.Nf3 c5 6.Bd3 d5 7.O-O dxc4 8.Bxc4 Qe7 
9.Qe2 Nc6 10.Rd1 Rd8 11.a3 Ba5 12.h3 Bd7 13.Bd2 
cxd4 14.exd4 h6 15.Ne4 Bxd2 16.Rxd2 Na5 17.Ba2 Bc6 
18.Nxf6+ Qxf6 19.Rad1 Bd5 20.Bxd5 Rxd5 21.b4 Nc6 
22.b5 Ne7 23.Ne5 Rad8 24.a4 Nf5 25.Qe4 Qe7 26.g4 
Nd6 27.Qe2 Qc7 28.Rc2 Qa5 29.Ra2 Qc3 30.Qe3 Qb4 
31.Raa1 h5 32.Qg5 f6 33.Qh4 hxg4 34.hxg4 Rxd4 
35.Rdb1 Qc5 36.Ng6 Ne4 37.Rbc1 Nc3 38.Rc2 Qc4 
39.Qh8+ Kf7 40.Qh5 Rxg4+ 41.Kh2 Rxg6 42.Rg1 Qf4+ 
43.Rg3 Qh6 44.Qxh6 Rxh6+ 45.Kg2 
Nd5 0-1

[Event "HCL-B187"]
[Site "www.playchess.de"]
[Date "2001.04.09"]
[Round "3"]
[White "ARM"]
[Black "msmsk"]
[WhiteElo "1241"]
[BlackElo "1609"]
[PlyCount "22"]
[Result "0-1"]

1.e4 c5 2.Nf3 d6 3.d4 cxd4 4.Nxd4 Nf6 5.Nc3 a6 
6.Bg5 e6 7.f4 b5 8.e5 dxe5 9.fxe5 Qc7 10.Qe2 Nfd7 
11.O-O-O Qxe5 0-1

[Event "HCL-B187"]
[Site "www.playchess.de"]
[Date "2001.04.09"]
[Round "6"]
[White "msmsk"]
[Black "German04"]
[WhiteElo "1609"]
[BlackElo "1222"]
[PlyCount "20"]
[Result "0-1"]

1.b4 d5 2.Bb2 Nf6 3.e3 e5 4.Bxe5 Bxb4 5.Nf3 O-O 
6.Be2 Ne4 7.O-O Nc6 8.Bb2 Re8 9.c4 dxc4 10.Bxc4 
Bg4 0-1

[Event "HCL-A081"]
[Site "www.playchess.de"]
[Date "2001.04.09"]
[Round "15"]
[White "kondor"]
[Black "jimmyaaa"]
[WhiteElo "1638"]
[BlackElo "1700"]
[PlyCount "42"]
[Result "1/2-1/2"]

1.e4 e6 2.d4 d5 3.Nd2 Nf6 4.e5 Nfd7 5.f4 c5 6.c3 
Nc6 7.Ndf3 Qb6 8.Ne2 f6 9.g3 cxd4 10.Nexd4 fxe5 
11.fxe5 Bc5 12.Nxe6 Ndxe5 13.Nxc5 Qxc5 14.Nxe5 
Nxe5 15.Qh5+ Ng6 16.Qe2+ Qe7 17.Qxe7+ Nxe7 18.Bg5 
Be6 19.Bb5+ Nc6 20.O-O h6 21.Be3 
a6 1/2-1/2

[Event "HCL-A080"]
[Site "www.playchess.de"]
[Date "2001.04.09"]
[Round "7"]
[White "arunkumar"]
[Black "peze"]
[WhiteElo "1700"]
[BlackElo "1970"]
[PlyCount "66"]
[Result "0-1"]

1.d4 Nf6 2.c4 e6 3.Nf3 b6 4.a3 Ba6 5.Qc2 Bb7 6.Nc3 
c5 7.Bg5 Bxf3 8.gxf3 cxd4 9.Ne4 Be7 10.Bxf6 Bxf6 
11.Nd6+ Ke7 12.Ne4 Be5 13.Rd1 f5 14.Ng3 f4 15.Ne4 
d5 16.cxd5 Qxd5 17.Bh3 Nd7 18.b4 Rac8 19.Qa4 a5 
20.Rg1 b5 21.Qxa5 Rca8 22.Nc3 Qc6 23.Qxb5 Qxc3+ 
24.Kf1 Rxa3 25.Kg2 Rb8 26.Qd3 Qxd3 27.Rxd3 Rxd3 
28.exd3 Rxb4 29.Ra1 Rb3 30.Ra6 Nc5 31.Ra5 Nxd3 
32.Bg4 Rb1 33.h4 Bb8 0-1

[Event "ACL-A102"]
[Site "www.playchess.de"]
[Date "2001.04.09"]
[Round "10"]
[White "Alcides"]
[Black "entefada"]
[WhiteElo "1500"]
[BlackElo "1500"]
[PlyCount "27"]
[Result "1-0"]

1.e4 {Hello! have fun ;)}  c5 {Hello!!fun!!!!}  
2.Nf3 Nf6 3.e5 Nd5 4.d4 cxd4 5.Qxd4 e6 6.Bc4 Nc6 
7.Qe4 f5 8.Qe2 Nb6 9.Bb3 Be7 10.O-O O-O 11.a4 Na5 
12.Ba2 Kh8 13.Rd1 Qe8 14.Qb5 1-0

[Event "HCL-C197"]
[Site "www.playchess.de"]
[Date "2001.04.09"]
[Round "5"]
[White "tiberiuskirk"]
[Black "burtle"]
[WhiteElo "1108"]
[BlackElo "1000"]
[PlyCount "70"]
[Result "0-1"]

1.e4 a5 2.d4 Nc6 3.Nf3 d6 4.Bb5 Ra6 5.Bxa6 bxa6 
6.O-O Nb4 7.a3 Nc6 8.b3 e5 9.c3 exd4 10.cxd4 f6 
11.Re1 Nh6 12.Bxh6 gxh6 13.Nc3 Bg4 14.h3 Bxf3 
15.Qxf3 Nxd4 16.Qh5+ Kd7 17.Qf7+ Qe7 18.Qxe7+ Bxe7 
19.Rab1 Nc2 20.Re2 Nxa3 21.Ra1 d5 22.Nxd5 Bc5 
23.Nxf6+ Kc6 24.Rc1 Rf8 25.Nxh7 Rf4 26.e5 Rh4 
27.e6 a4 28.e7 axb3 29.e8Q+ {%}  Kb6 30.Qb8+ Kc6 
31.Re6+ {.}  Kd5 32.Qd8+ Kxe6 33.Rxc5 b2 34.Qd5+ 
Ke7 35.Rxc7+ Ke8 0-1

[Event "ACL-A089"]
[Site "www.playchess.de"]
[Date "2001.04.09"]
[Round "20"]
[White "sarx"]
[Black "guerino"]
[WhiteElo "1500"]
[BlackElo "1199"]
[PlyCount "40"]
[Result "0-1"]

1.e4 e6 2.d4 d5 3.Nc3 Bb4 4.e5 c5 5.a3 Bxc3+ 
6.bxc3 Ne7 7.Qg4 Qc7 8.Qxg7 Rg8 9.Qxh7 cxd4 10.Qd3 
Nbc6 11.cxd4 Nf5 12.Nf3 Bd7 13.Bf4 a6 14.Bg3 Na5 
15.Be2 Bb5 16.Qd2 Bxe2 17.Qxe2 Rc8 18.Rc1 Nb3 
19.Rb1 Qc3+ 20.Kf1 Nbxd4 0-1

[Event "HCL-B199"]
[Site "www.playchess.de"]
[Date "2001.04.09"]
[Round "2"]
[White "PrinceX"]
[Black "sarx"]
[WhiteElo "1500"]
[BlackElo "1500"]
[PlyCount "22"]
[Result "0-1"]

1.e4 {*handshake*}  e6 {greetings...}  2.d4 d5 
3.e5 c5 4.c3 Qb6 5.Nf3 Bd7 6.Be2 Bb5 7.O-O Bxe2 
8.Qxe2 Qa6 9.Qc2 cxd4 10.cxd4 Nc6 11.a3 
Nge7 0-1

[Event "ACL-A104"]
[Site "www.playchess.de"]
[Date "2001.04.09"]
[Round "10"]
[White "hisamawi_s"]
[Black "Qaurial"]
[WhiteElo "1500"]
[BlackElo "1900"]
[PlyCount "28"]
[Result "0-1"]

1.e4 c5 2.Nf3 Nc6 3.d4 cxd4 4.Nxd4 Nf6 5.Nc3 e5 
6.Ndb5 d6 7.Bg5 a6 8.Na3 b5 9.Nd5 Be7 10.Bxf6 Bxf6 
11.c3 O-O 12.Nc2 Bg5 13.Bd3 Be6 14.h4 
Bh6 0-1

[Event "HCL-B199"]
[Site "www.playchess.de"]
[Date "2001.04.09"]
[Round "31"]
[White "Bauernopfer"]
[Black "PrinceX"]
[WhiteElo "1325"]
[BlackElo "1500"]
[PlyCount "27"]
[Result "1-0"]

1.e4 e5 2.Nf3 d6 3.Nc3 Nf6 4.Bc4 h6 5.d3 c6 6.O-O 
Be7 7.Be3 O-O 8.h3 d5 9.exd5 cxd5 10.Nxe5 dxc4 
11.Nxc4 Be6 12.Ne5 Nd5 13.Nxd5 Qxd5 
14.Nf3 1-0

[Event "HCL-C202"]
[Site "www.playchess.de"]
[Date "2001.04.09"]
[Round "1"]
[White "tiberiuskirk"]
[Black "belgianaztec"]
[WhiteElo "1108"]
[BlackElo "1000"]
[PlyCount "68"]
[Result "0-1"]

1.e4 d6 {Greetings from Mexico !}  2.d4 {Live long 
and prosper from the Philippines!}  Nf6 3.Nc3 
{hablo un muy poco espanol.}  g6 4.Bg5 Bg7 {hablas 
ingles?}  5.e5 {certainly, it is my second 
language.}  Nfd7 6.Nf3 Nc6 {Today I am flying to 
Belgium.}  7.Bb5 O-O 8.Nd5 Re8 9.Bxc6 bxc6 10.Nc3 
Ba6 11.Qd2 dxe5 12.dxe5 Nxe5 {How is the weather 
in Phillipines?}  13.Nxe5 {It is summer.}  Qxd2+ 
{Lets continue playing, enjoy!}  14.Kxd2 Bxe5 
15.Rae1 Red8+ 16.Kc1 f6 17.Bd2 Bc4 18.b3 Bd5 
19.Nxd5 cxd5 20.f4 Bd6 21.g3 a5 22.Re2 Kf7 23.Rhe1 
Rde8 24.Bc3 c6 25.h4 {.}  Bb4 26.Bxb4 axb4 27.R2e6 
c5 28.Rc6 Rec8 29.Ree6 Ke8 30.Kb2 Kd7 31.Rcb6 Rc7 
32.g4 Ra5 33.g5 f5 34.Rba6 Ra7 0-1

[Event "HCL-C202"]
[Site "www.playchess.de"]
[Date "2001.04.09"]
[Round "7"]
[White "DC"]
[Black "tiberiuskirk"]
[WhiteElo "1000"]
[BlackElo "1108"]
[PlyCount "57"]
[Result "1-0"]

1.Nc3 e5 2.Nf3 Nc6 3.e3 d5 4.Bb5 Nf6 5.Bxc6+ bxc6 
6.Nxe5 Bb7 7.d4 Bd6 8.O-O O-O 9.f4 Ba6 10.Rf2 Ne4 
11.Nxe4 dxe4 12.Nxc6 Qd7 13.d5 Bb7 14.Na5 Bc8 
15.Qd4 Qf5 16.Nc4 Bb7 17.Nxd6 c5 18.Qxc5 Qxd5 
19.Nxb7 Qxb7 20.b3 Rac8 21.Qe5 Rc7 22.Ba3 Rfc8 
23.Bb2 f6 24.Qe6+ Kh8 25.c4 Re7 26.Qd5 Qxd5 
27.cxd5 Rd7 28.Rd2 Rcd8 29.Rad1 1-0

[Event "HCL-B203"]
[Site "www.playchess.de"]
[Date "2001.04.09"]
[Round "6"]
[White "deadeasy"]
[Black "Pocman"]
[WhiteElo "1872"]
[BlackElo "1429"]
[PlyCount "67"]
[Result "1-0"]

1.d4 d5 2.e4 dxe4 3.Nc3 f5 4.Bf4 a6 5.f3 Nf6 6.Bc4 
e6 7.fxe4 fxe4 8.Nge2 Bb4 9.O-O O-O 10.Bg5 
{admitting i put it in the wrong place to begin 
with :-)}  Qe8 11.Bxf6 Rxf6 12.Rxf6 gxf6 13.Nxe4 
Qg6 14.N2g3 Nc6 15.c3 Be7 16.Qf3 Bd7 17.Nf5 Kf8 
18.Nxe7 Kxe7 19.Nc5 Rb8 20.Re1 Nd8 21.Nxd7 Kxd7 
22.Bxe6+ Nxe6 23.Qd5+ Ke7 24.Qxe6+ Kf8 25.Rf1 Kg7 
26.Qe7+ Qf7 27.Re1 Rf8 28.c4 Qxe7 29.Rxe7+ Rf7 
30.Rxf7+ Kxf7 31.Kf2 Ke6 32.Ke3 b5 33.b3 c6 
34.g4 1-0

[Event "HCL-B203"]
[Site "www.playchess.de"]
[Date "2001.04.09"]
[Round "14"]
[White "altmax"]
[Black "Pocman"]
[WhiteElo "1200"]
[BlackElo "1429"]
[PlyCount "66"]
[Result "0-1"]

1.b3 {Good luck!}  d5 2.Nf3 Nf6 3.Bb2 e6 4.e3 Be7 
5.d3 O-O 6.Be2 c5 7.O-O Nc6 8.d4 b6 9.c4 dxc4 
10.bxc4 Qc7 11.Qc2 Bb7 12.Nc3 Rfd8 13.Rfd1 a6 
14.a3 Rd7 15.d5 exd5 16.cxd5 Na5 17.e4 Rad8 18.Rd2 
c4 19.a4 Nb3 20.d6 Bxd6 21.e5 Nxa1 22.exd6 R7xd6 
23.Bxa1 R6xd2 24.Nxd2 Qe5 25.Nxc4 Qg5 26.f3 b5 
27.axb5 axb5 28.Na5 Ba6 29.Nc6 Qc5+ 30.Kf1 Qxc6 
31.Qb3 b4 32.Qxb4 Bxe2+ 33.Kxe2 
Qa6+ 0-1

[Event "HCL-A092"]
[Site "www.playchess.de"]
[Date "2001.04.09"]
[Round "3"]
[White "kiki"]
[Black "chessnut"]
[WhiteElo "1700"]
[BlackElo "2067"]
[PlyCount "44"]
[Result "0-1"]

1.e4 {good luck from Greece}  e5 2.Nf3 f5 3.exf5 
e4 4.Qe2 d5 5.Nd4 Nf6 6.Nc3 Qe7 7.d3 Qe5 8.Nb3 Bb4 
9.Bd2 Bxf5 10.d4 Qe7 11.Qb5+ c6 12.Qe2 O-O 13.a3 
Bd6 14.h3 a5 15.Na4 b5 16.Nac5 a4 17.Nc1 Bxc5 
18.dxc5 d4 19.g4 Bg6 20.c4 e3 21.Bb4 Ne4 22.Rh2 
Nxf2 0-1

[Event "HCL-C201"]
[Site "www.playchess.de"]
[Date "2001.04.09"]
[Round "5"]
[White "MEATHEAD"]
[Black "Defcon_One"]
[WhiteElo "1029"]
[BlackElo "1000"]
[PlyCount "21"]
[Result "1-0"]

1.Nf3 Nh6 {good luck}  2.e4 Nc6 3.d4 g6 4.c3 Bg7 
5.Bc4 O-O 6.Qb3 e6 7.d5 Na5 8.Qb5 b6 9.Ng5 a6 
10.Qb4 b5 {sorry i took so long}  
11.Qxa5 1-0

[Event "HCL-B202"]
[Site "www.playchess.de"]
[Date "2001.04.09"]
[Round "10"]
[White "Karl"]
[Black "LUPES"]
[WhiteElo "1108"]
[BlackElo "1783"]
[PlyCount "30"]
[Result "0-1"]

1.e4 e5 2.Qh5 Nc6 3.Bc4 Qe7 4.d3 Nf6 5.Qf3 Nd4 
6.Qd1 b5 7.Bb3 a5 8.Nf3 Nxf3+ 9.Qxf3 a4 10.Bd5 c6 
11.Nc3 cxd5 12.exd5 Qc5 13.O-O a3 14.Be3 Qb4 
15.Qe4 Nxe4 0-1

[Event "HCL-A092"]
[Site "www.playchess.de"]
[Date "2001.04.09"]
[Round "18"]
[White "sage"]
[Black "chessnut"]
[WhiteElo "1600"]
[BlackElo "2067"]
[PlyCount "60"]
[Result "0-1"]

1.e4 {good luck}  e5 2.f4 {From Virginia}  exf4 
{I'm from Kentucky!}  3.Nf3 {nice to meet you, 
good luck}  g5 4.Bc4 Bg7 5.c3 g4 6.O-O gxf3 7.Rxf3 
d6 8.d4 Bg4 9.Bxf7+ Ke7 10.Qb3 Bxf3 11.Bxf4 Bg4 
12.Qxb7 Nd7 13.Bd5 Nb6 14.Na3 Bc8 15.Qc6 Bd7 
16.Qb7 Nf6 17.Bg5 Nbxd5 18.Qxd5 c6 19.Qc4 Qb6 
20.Qe2 Be6 21.Kh1 Kd7 22.c4 Qxd4 23.Bxf6 Bxf6 
24.Rd1 Qxb2 25.Qd3 Be5 26.c5 Qxa2 {A Pawn is a 
Pawn!}  27.Qa6 Bh3 28.Rg1 Rhg8 29.g3 Rgb8 30.cxd6 
Rb2 0-1

[Event "HCL-C209"]
[Site "www.playchess.de"]
[Date "2001.04.09"]
[Round "9"]
[White "fossa"]
[Black "GENIO_DEL_MAL"]
[WhiteElo "1000"]
[BlackElo "1000"]
[PlyCount "25"]
[Result "1-0"]

1.e4 {¿Que tal?}  c5 {Hello}  2.e5 e6 {Buena 
suerte.}  3.f4 Nc6 {.}  4.Bb5 Nge7 5.Na3 Qc7 6.Nc4 
a6 7.Nd6+ Kd8 8.Nxf7+ Ke8 9.Nxh8 axb5 10.Qh5+ g6 
11.Qxh7 d6 12.Qf7+ Kd7 13.Qxf8 1-0

[Event "HCL-A094"]
[Site "www.playchess.de"]
[Date "2001.04.09"]
[Round "14"]
[White "theman"]
[Black "Gorodish"]
[WhiteElo "1700"]
[BlackElo "1733"]
[PlyCount "60"]
[Result "0-1"]

1.e4 c5 2.Bc4 {hi, wish you a good game}  d6 {also 
a good game :-)}  3.Nc3 Nf6 4.Nge2 a6 5.d4 b5 
6.Bd5 Nxd5 7.Nxd5 e6 8.Ndf4 cxd4 9.Qxd4 e5 10.Qd5 
Ra7 11.Nh5 Be6 12.Qd1 d5 13.Nhg3 Rd7 14.Bd2 dxe4 
15.Nxe4 Be7 16.Rf1 f5 17.N4g3 O-O 18.f4 e4 19.c3 
e3 20.Nd4 exd2+ 21.Qxd2 Bc4 22.Rf3 Bc5 23.O-O-O 
Bxd4 24.cxd4 Nc6 25.Ne2 Re8 26.Re3 Rxe3 27.Qxe3 
Re7 28.Qa3 Bxe2 29.Rd2 Nxd4 30.Qb4 
Qc8+ 0-1

[Event "ACL-A109"]
[Site "www.playchess.de"]
[Date "2001.04.09"]
[Round "1"]
[White "hun"]
[Black "Kevin"]
[WhiteElo "1609"]
[BlackElo "1451"]
[PlyCount "32"]
[Result "0-1"]

1.d4 d5 2.Nf3 Nc6 3.Nc3 Nf6 4.Bg5 Ne4 5.Nxe4 dxe4 
6.Ne5 Nxe5 7.dxe5 f6 8.exf6 exf6 9.Qxd8+ Kxd8 
10.O-O-O+ Ke8 11.Bh4 Bf5 12.Rd5 Be6 13.Rd4 Rd8 
14.Rxe4 Be7 15.b3 Kf7 16.e3 Ba3+ 0-1

[Event "HCL-C209"]
[Site "www.playchess.de"]
[Date "2001.04.09"]
[Round "20"]
[White "GuanoApe"]
[Black "fossa"]
[WhiteElo "1000"]
[BlackElo "1000"]
[PlyCount "40"]
[Result "0-1"]

1.e4 {good luck.. 15 male from belgium here}  e5 
{bonne chance}  2.Nc3 Bc5 3.f4 exf4 4.Nf3 g5 5.d4 
Bb4 6.Bc4 Bxc3+ 7.bxc3 c6 8.Ne5 Nh6 9.Qh5 Qf6 
10.Ba3 b5 11.Bb3 d6 12.O-O-O dxe5 13.dxe5 Qg6 
14.Qe2 Bg4 15.Qd2 Nd7 16.Qd6 Qxd6 17.Rxd6 Ng8 
18.h3 Bh5 19.Rxc6 Nxe5 20.Rc5 f6 0-1

[Event "HCL-A094"]
[Site "www.playchess.de"]
[Date "2001.04.09"]
[Round "27"]
[White "minkin72"]
[Black "theman"]
[WhiteElo "2034"]
[BlackElo "1700"]
[PlyCount "79"]
[Result "1-0"]

1.d4 Nf6 2.c4 c5 3.d5 e6 4.Nc3 Be7 5.d6 Bf8 6.e4 
e5 7.Nf3 Nc6 8.Nb5 Bxd6 9.Qxd6 Qe7 10.Nc7+ Kd8 
11.Qxe7+ Nxe7 12.Nxa8 d6 13.Bd3 Bg4 14.Bg5 Kd7 
15.Nh4 Rxa8 16.f3 Be6 17.Bxf6 gxf6 18.g4 Nc6 
19.Nf5 Rh8 20.O-O-O b6 21.Bc2 Nd4 22.Nxd4 exd4 
23.Bd3 h6 24.h3 Ke7 25.Kd2 Kf8 26.a3 Bd7 27.b4 Ke7 
28.Rda1 Ke6 29.f4 Ke7 30.Ke2 Kf8 31.b5 Kg7 32.a4 
a5 33.bxa6 Ra8 34.a5 Rxa6 35.axb6 Rxb6 36.Rhb1 
Rxb1 37.Rxb1 h5 38.gxh5 Bxh3 39.h6+ Kh8 
40.Kf3 1-0

[Event "HCL-B213"]
[Site "www.playchess.de"]
[Date "2001.04.09"]
[Round "1"]
[White "Michael_Schenk"]
[Black "plobi"]
[WhiteElo "1252"]
[BlackElo "1289"]
[PlyCount "69"]
[Result "1-0"]

1.e4 {Hallo nach Austria. Dein Zug. Viel Spass!}  
Nf6 {grüße nach deutschland! danke, den werd ich 
sicher haben ... *g*}  2.Nc3 d5 3.exd5 Nxd5 4.Bc4 
Nxc3 5.bxc3 Nc6 6.d4 e6 7.Nf3 Bd6 8.O-O O-O 9.Re1 
Qf6 10.Bg5 Qf5 11.Qe2 a6 12.Rad1 h6 13.Bh4 b5 
14.Bd3 Qf4 15.Bg3 Qg4 16.h3 {Netter Versuch ;-) 
Aber ich glaube, ich moechte weiterspielen.}  Qh5 
17.Qe4 f5 18.Qxc6 Ra7 19.Bxd6 cxd6 20.Qxd6 Qf7 
21.c4 Rd7 22.Qb4 Qe8 23.cxb5 axb5 24.c4 bxc4 
25.Bxc4 Rb7 26.Qd6 Rf6 27.d5 Rd7 28.Qc6 Kh7 
29.dxe6 Rxd1 30.Qxe8 Rxe1+ 31.Nxe1 {jetzt wird es 
aber peinlich...}  Bxe6 {perche?}  32.Bxe6 h5 
33.Nf3 Kh6 34.Qh8+ Kg6 35.Ne5+ 1-0

[Event "HCL-A095"]
[Site "www.playchess.de"]
[Date "2001.04.09"]
[Round "2"]
[White "AlexVila"]
[Black "One_i"]
[WhiteElo "1600"]
[BlackElo "1373"]
[PlyCount "99"]
[Result "1-0"]

1.e4 {Hello. Have a nice game!}  d5 {Good luck to 
you from Canada}  2.exd5 Nf6 3.d4 Bg4 4.f3 Bf5 
5.c4 e6 6.dxe6 Nc6 7.Be3 Nb4 8.Qa4+ c6 9.exf7+ 
Kxf7 10.Na3 Be7 11.c5 a5 12.Bc4+ Nfd5 13.Qb3 Be6 
14.Ne2 a4 15.Qd1 Nxe3 16.Bxe6+ Kxe6 17.Qd2 Nbd5 
18.Nf4+ Kf7 19.Nxd5 Nxg2+ 20.Kf2 Bh4+ 21.Kxg2 Qxd5 
22.Qf4+ Bf6 23.Qc7+ Kg6 24.Nc2 Qc4 25.Rhg1 Qxc2+ 
26.Kh1+ Kh6 27.Qf4+ g5 28.Qxf6+ Qg6 29.Qxg6+ Kxg6 
30.f4 h6 31.fxg5 hxg5 32.Rge1 Rae8 33.Kg2 Rxe1 
34.Rxe1 Rh4 35.Re6+ Kf7 36.Rd6 Re4 37.Rd7+ Ke6 
38.Rxb7 Rxd4 39.Kg3 Kd5 40.Rg7 Kxc5 41.Rxg5+ Kc4 
42.Rg4 c5 43.h4 Kd3 44.h5 c4 45.Rxd4+ Kxd4 46.h6 
a3 47.bxa3 c3 48.h7 Kd3 49.h8Q {%}  Kc2 
50.a4 1-0

[Event "HCL-A095"]
[Site "www.playchess.de"]
[Date "2001.04.09"]
[Round "16"]
[White "Gaddiel"]
[Black "One_i"]
[WhiteElo "1700"]
[BlackElo "1373"]
[PlyCount "106"]
[Result "0-1"]

1.d4 {Hi!}  Nf6 {Good luck to you from Canada}  
2.c4 b6 3.Nc3 Bb7 4.f3 d5 5.cxd5 Nxd5 6.Nxd5 Bxd5 
7.e4 Bb7 8.Be3 Qd6 9.Ne2 e6 10.Nc3 Be7 11.Qd2 Nc6 
12.a3 a6 13.Bc4 Rd8 14.Rd1 Na5 15.Ba2 O-O 16.O-O 
c5 17.d5 exd5 18.Nxd5 Bxd5 19.Bxd5 Qg6 20.Qf2 Nc6 
21.f4 Nd4 22.Kh1 Kh8 23.Bxd4 cxd4 24.Qxd4 Bc5 
25.Qd3 a5 26.Rf3 f5 27.Rdf1 fxe4 28.Qxe4 Qxe4 
29.Bxe4 Rd2 30.Rb1 Re8 31.Rd3 Re2 32.b4 R2xe4 
33.g3 axb4 34.axb4 Bf8 35.Kg2 g6 36.b5 Bc5 37.Rd7 
R8e7 38.Rd5 Kg7 39.f5 R4e5 40.Rxe5 Rxe5 41.fxg6 
hxg6 42.g4 g5 43.Rb3 Re2+ 44.Kh1 Re3 45.Rb2 Re4 
46.h3 Rb4 47.Rxb4 Bxb4 48.Kg2 Kf6 49.Kf3 Ke5 
50.Ke3 Kd5 51.Kd3 Kc5 52.Ke4 Kxb5 53.Kf5 
Bd2 0-1

[Event "HCL-A095"]
[Site "www.playchess.de"]
[Date "2001.04.09"]
[Round "19"]
[White "jmcerna"]
[Black "Gaddiel"]
[WhiteElo "1721"]
[BlackElo "1700"]
[PlyCount "87"]
[Result "1-0"]

1.e4 {Hi.}  e5 2.Nf3 Nc6 3.Bc4 Bc5 4.c3 Bb6 5.b4 
d6 6.Qb3 Qe7 7.O-O Bg4 8.Ne1 Nf6 9.d3 O-O 10.Bg5 
h6 11.Bh4 a5 12.Nc2 axb4 13.Nxb4 Nxb4 14.Qxb4 g5 
15.Bg3 Nh5 16.Nd2 Nxg3 17.hxg3 Kg7 18.Rae1 h5 
19.Qb2 Rfh8 20.d4 f6 21.Bb3 h4 22.gxh4 Rxh4 23.f3 
Bd7 24.g3 Rh6 25.Rf2 Rh3 26.g4 Be6 27.Rh2 Rxh2 
28.Kxh2 Bxb3 29.axb3 exd4 30.cxd4 d5 31.e5 c6 
32.f4 gxf4 33.Nf3 Qe6 34.exf6+ Qxf6 35.g5 Qf7 
36.Qe2 Ba5 37.Qe5+ Kg8 38.g6 Qg7 39.Qe6+ Kf8 
40.Re5 Qh6+ 41.Kg2 Kg7 42.Qf7+ Kh8 43.Kf2 Rg8 
44.Rh5 1-0

[Event "HCL-C216"]
[Site "www.playchess.de"]
[Date "2001.04.09"]
[Round "3"]
[White "tiberiuskirk"]
[Black "andrew"]
[WhiteElo "1085"]
[BlackElo "1000"]
[PlyCount "26"]
[Result "0-1"]

1.e4 e6 2.d4 d5 3.Nc3 dxe4 4.Nxe4 e5 5.Nf3 Nc6 
6.Bb5 Qd5 7.Bxc6+ bxc6 8.Nc3 Bb4 9.dxe5 Be6 
10.Qxd5 cxd5 11.Bd2 Rd8 12.O-O-O Ba5 13.Rhe1 
Ne7 0-1